[Event "Hedmark & Oppland Region-ch"]
[Site "Lillehammer"]
[Date "2019.04.28"]
[Round "3"]
[White "Kristoffersen, Aleksander"]
[Black "Hatterud, Ivar"]
[Result "0-1"]
[WhiteElo "1454"]
[BlackElo "1387"]
[PlyCount "38"]
[EventDate "2019.04.27"]
[EventType "swiss"]
[EventRounds "5"]
[EventCountry "NOR"]
[SourceTitle "EXT 2024"]
[Source "ChessBase"]
[SourceDate "2023.10.10"]
[SourceVersion "1"]
[SourceVersionDate "2023.10.10"]
[SourceQuality "1"]

1. e4 c5 2. Nf3 d6 3. d4 cxd4 4. Nxd4 Nf6 5. Nc3 a6 6. Bg5 e6 7. f4 b5 8. e5 dxe5 9. fxe5 Qc7 10. exf6 Qe5+ 11. Be2 Qxg5 12. 0-0 Qe5 13. Bf3 Ra7 14. Nc6 Qc5+ 15. Qd4 Nxc6 16. Bxc6+ Qxc6 17. Qxa7 Bc5+ 18. Kh1 Bxa7 19. fxg7 Rg8 0-1